[Event "Barceloneta op"]
[Site "Barcelona"]
[Date "2001.??.??"]
[Round "1"]
[White "Ayasse, Maria Korolina"]
[Black "Dominguez Pons, Eric"]
[Result "0-1"]
[WhiteElo "1725"]
[BlackElo "1790"]
[PlyCount "104"]
[EventDate "2001.09.29"]
[EventType "swiss"]
[EventRounds "9"]
[EventCountry "ESP"]
[SourceTitle "CBM 085 Extra"]
[Source "ChessBase"]
[SourceDate "2002.01.21"]
[SourceVersion "1"]
[SourceVersionDate "2002.01.21"]
[SourceQuality "1"]

1. d4 Nf6 2. Nf3 e6 3. Bf4 d5 4. e3 c5 5. dxc5 Bxc5 6. Bb5+ Bd7 7. Nc3 Bxb5 8. Nxb5 Qa5+ 9. Nc3 Ne4 10. Qd3 Bb4 11. 0-0 Nxc3 12. bxc3 Bxc3 13. Rab1 Bf6 14. Qb5+ Qxb5 15. Rxb5 b6 16. Bd6 Nc6 17. Rd1 Be7 18. Bxe7 Nxe7 19. Rb4 Rc8 20. Rc1 0-0 21. Rh4 Ng6 22. Rh5 Rc4 23. Nd4 Rfc8 24. Kf1 e5 25. Nb5 Rxc2 26. Rxc2 Rxc2 27. Nxa7 Rxa2 28. Nc6 f6 29. Nb4 Ra5 30. Rf5 Nh4 31. Rh5 g5 32. g3 Nf5 33. f4 Nxe3+ 34. Ke2 gxf4 35. gxf4 exf4 36. Kf3 d4 37. Rh4 Ra3 38. Ke4 Ra4 39. Nd3 f5+ 40. Ke5 f3 41. Rf4 Ng4+ 42. Kxf5 Nxh2 43. Ke4 Kg7 44. Rh4 Ra2 45. Rf4 Nf1 46. Kxf3 Nd2+ 47. Ke2 Nb3+ 48. Kf3 Nc5 49. Rxd4 Ra3 50. Ke3 Rxd3+ 51. Rxd3 Nxd3 52. Kxd3 h5 0-1

[Event "Barceloneta op"]
[Site "Barcelona"]
[Date "2001.??.??"]
[Round "1"]
[White "Calpe Melendres, Josep Maria"]
[Black "Ayasse, Maria Korolina"]
[Result "1/2-1/2"]
[WhiteElo "1970"]
[BlackElo "1725"]
[PlyCount "81"]
[EventDate "2001.09.29"]
[EventType "swiss"]
[EventRounds "9"]
[EventCountry "ESP"]
[SourceTitle "CBM 085 Extra"]
[Source "ChessBase"]
[SourceDate "2002.01.21"]
[SourceVersion "1"]
[SourceVersionDate "2002.01.21"]
[SourceQuality "1"]

1. e4 Nf6 2. e5 Nd5 3. d4 d6 4. f4 dxe5 5. fxe5 Bf5 6. a3 Nc6 7. Nf3 e6 8. Bb5 Qd7 9. 0-0 Be7 10. c4 Nb6 11. Nc3 a6 12. Bxc6 Qxc6 13. b3 Rd8 14. Be3 Bg4 15. Qe1 f6 16. Qg3 f5 17. h3 Bxf3 18. Rxf3 Rg8 19. Kh1 Kd7 20. Bg5 Bxg5 21. Qxg5 Kc8 22. d5 Qd7 23. dxe6 Qxe6 24. Qxf5 Qxf5 25. Rxf5 Rd3 26. Rf3 Rgd8 27. Raf1 Rxf3 28. Rxf3 Re8 29. Rf7 Rxe5 30. Rxg7 Re3 31. Rg8+ Kd7 32. Na4 Nxa4 33. bxa4 Rxa3 34. Rg7+ Kc6 35. Rxh7 Rxa4 36. g4 Rxc4 37. g5 Kd6 38. Rf7 Re4 39. g6 Re8 40. h4 Rh8 41. Rf4 1/2-1/2

[Event "Catalunya-chB"]
[Site "Spain"]
[Date "1996.10.20"]
[Round "3"]
[White "Ducet Guasch, Joan"]
[Black "Ayasse, Maria Korolina"]
[Result "1-0"]
[WhiteElo "1840"]
[BlackElo "1740"]
[PlyCount "63"]
[EventDate "1997.??.??"]
[EventType "swiss"]
[EventRounds "8"]
[EventCountry "ESP"]
[SourceTitle "EXT 2003"]
[Source "ChessBase"]
[SourceDate "2002.11.25"]
[SourceVersion "1"]
[SourceVersionDate "2002.11.25"]
[SourceQuality "1"]

1. e4 c5 2. Nf3 Nc6 3. Bc4 e6 4. a4 a5 5. 0-0 Nf6 6. Nc3 Be7 7. d4 cxd4 8. Nxd4 0-0 9. Ndb5 b6 10. Be3 Ba6 11. f4 h6 12. e5 Ne8 13. Rf3 Bxb5 14. Nxb5 Nb4 15. c3 d5 16. exd6 Nxd6 17. Nxd6 Bxd6 18. cxb4 axb4 19. Bb5 Bc5 20. Bxc5 bxc5 21. b3 Qd4+ 22. Qxd4 cxd4 23. Rd1 Rad8 24. g3 Rd5 25. Rfd3 Rfd8 26. Kg2 f6 27. Kf3 e5 28. Bc4 exf4 29. Bxd5+ Rxd5 30. gxf4 g5 31. Rxd4 Rxd4 32. Rxd4 1-0

[Event "Catalunya-chB"]
[Site "Spain"]
[Date "1996.10.13"]
[Round "2"]
[White "Haro Lablanca, Francesco"]
[Black "Ayasse, Maria Korolina"]
[Result "1-0"]
[WhiteElo "1820"]
[BlackElo "1740"]
[PlyCount "67"]
[EventDate "1997.??.??"]
[EventType "swiss"]
[EventRounds "8"]
[EventCountry "ESP"]
[SourceTitle "EXT 2003"]
[Source "ChessBase"]
[SourceDate "2002.11.25"]
[SourceVersion "1"]
[SourceVersionDate "2002.11.25"]
[SourceQuality "1"]

1. e4 c5 2. Nf3 Nc6 3. Nc3 e6 4. Bb5 a6 5. Be2 d6 6. d4 cxd4 7. Nxd4 Bd7 8. Be3 Nf6 9. h3 Be7 10. Qd2 Qc7 11. a3 0-0 12. 0-0-0 Rac8 13. Bg5 d5 14. exd5 Nxd4 15. Qxd4 exd5 16. Bf3 Be6 17. Rhe1 h6 18. Bh4 Rfd8 19. Re2 Rd6 20. Bg3 Ne4 21. Bxd6 Bxd6 22. Bxe4 dxe4 23. Qxd6 Bc4 24. Qxc7 Rxc7 25. Red2 Re7 26. Rd4 b5 27. Nxe4 f5 28. Nc3 Kf7 29. Rd7 Ke8 30. Rxe7+ Kxe7 31. g3 Be6 32. Rd4 Kf6 33. a4 b4 34. Rxb4 1-0

[Event "Catalunya-chB"]
[Site "Spain"]
[Date "1996.10.06"]
[Round "1"]
[White "Ayasse, Maria Korolina"]
[Black "Capellas Bonet, Mario"]
[Result "1/2-1/2"]
[WhiteElo "1740"]
[BlackElo "1835"]
[PlyCount "98"]
[EventDate "1997.??.??"]
[EventType "swiss"]
[EventRounds "8"]
[EventCountry "ESP"]
[SourceTitle "EXT 2003"]
[Source "ChessBase"]
[SourceDate "2002.11.25"]
[SourceVersion "1"]
[SourceVersionDate "2002.11.25"]
[SourceQuality "1"]

1. d4 d5 2. Nf3 Nf6 3. Bf4 e6 4. e3 Be7 5. Bd3 0-0 6. c3 Nbd7 7. 0-0 c5 8. Qc2 h6 9. h3 c4 10. Be2 Nb6 11. Nbd2 Bd6 12. Bh2 Bxh2+ 13. Nxh2 Qc7 14. b3 cxb3 15. axb3 Bd7 16. Bd3 Rfc8 17. Rac1 Bc6 18. f4 Nfd7 19. Rf3 f5 20. Nhf1 Nf6 21. Rg3 Be8 22. Nf3 Nh5 23. Ne5 Nxg3 24. Nxg3 Qe7 25. Qe2 Qh4 26. Qf3 Rc7 27. Be2 Nd7 28. Qf2 Nxe5 29. fxe5 Rac8 30. c4 dxc4 31. bxc4 b6 32. Nh5 Qxf2+ 33. Kxf2 Bxh5 34. Bxh5 Rxc4 35. Ra1 a5 36. Rb1 Rb8 37. Be2 Rc2 38. Kf3 Rxe2 39. Kxe2 b5 40. Kd3 Kf8 41. Kc3 Rc8+ 42. Kb3 Ke7 43. Ka3 Rc3+ 44. Rb3 Rxb3+ 45. Kxb3 Kd7 46. g4 fxg4 47. hxg4 g5 48. e4 Kc6 49. Kc3 a4 1/2-1/2